| 000 | 01559nam a2200397 a 4500 | ||
|---|---|---|---|
| 005 | 20240412132912.0 | ||
| 008 | 100309t1985||||ag f | 1s0 spa d | ||
| 020 | _a9505510527 | ||
| 041 | _aspa | ||
| 092 |
_c323.82 _l34 _sHIN |
||
| 245 | 4 |
_aLos derechos humanos como politica. _bEncuentro realizado el 20 y 21 de Junio de 1984 en Santiago de Chile / _cFranz Hinkelammert |
|
| 250 | _a1a ed. | ||
| 260 |
_aBuenos Aires: _bEdiciones La Aurora; _c1985. |
||
| 300 | _a181 p. | ||
| 500 | _aHinkelammert, F. et al. (1985). Los derechos humanos como política. Encuentro realizado el 20 y 21 de junio de 1984 en Santiago de Chile. (1a ed.). Buenos Aires : Ediciones La Aurora. | ||
| 590 | _aDonación Dora Vera, febrero 2017 | ||
| 653 | _aEducación y mundo actual | ||
| 653 | _aEducar hoy ... ¿ para què? | ||
| 653 | 4 | _aUna alternativa educativa : educación personalizada | |
| 653 | 3 | _aLa educación en los valores | |
| 653 | _aPersonalización de proferosresy personal directivo. Actitudes del magisterio. | ||
| 653 | 1 | _a¿Cómo poner en marcha un cambio educativo ? | |
| 700 | 1 |
_aVillela, Hugo _93191 |
|
| 700 | 1 |
_aHinkelammert, Franz _93192 |
|
| 700 | 1 |
_aLandi, Oscar _93193 |
|
| 700 | 1 |
_aLlano, Daniel _93194 |
|
| 700 | 1 |
_aMorande, Pedro _93195 |
|
| 700 | 1 |
_aHourton, Jorge _93196 |
|
| 700 | 1 |
_aCastillo, Jaime _93197 |
|
| 700 | 1 |
_aLira, Elizabeth _93198 |
|
| 700 | 1 |
_aInsunza, Mario _93199 |
|
| 700 | 1 |
_aDominguez, Andres _93200 |
|
| 700 | 1 |
_aViera Gallo, J. Antonio _93201 |
|
| 700 | 1 |
_aLechner, Norbert _93202 |
|
| 942 |
_2ddc _cBK |
||
| 999 |
_c2341 _d2341 |
||